000 00741nam a2200289 a 4500
001 43406
003 AR-BaAGN
005 20231223063336.0
007 ta
008 220625s1995 ag |||||r|||| ||||||spa d
020 _a950-731-136-X
040 _dAR-BaAGN
_aAR-BaAGN
_bspa
_eaacr
100 1 _aMiguel, María Esther de
245 1 0 _aLas batallas secretas de Belgrano
250 _a1ª ed.
260 _aBuenos Aires :
_bSeix Barral,
_c1995.
300 _a380 páginas
336 _2rdacontent
_btxt
337 _2rdamedia
_bn
338 _2rdacarrier
_bnc
600 1 4 _aBelgrano, Manuel,
_d1770-1820
_9513
650 4 _aLITERATURA
_91464
651 4 _aArgentina
_93645
942 _cLIBRO
999 _c43406
_d43406